<?xml version="1.0" encoding="UTF-8"?>
<record
    xmlns:xsi="http://www.w3.org/2001/XMLSchema-instance"
    xsi:schemaLocation="http://www.loc.gov/MARC21/slim http://www.loc.gov/standards/marcxml/schema/MARC21slim.xsd"
    xmlns="http://www.loc.gov/MARC21/slim">

  <leader>00705cam a22002291  4500</leader>
  <controlfield tag="001">ne 62001013 </controlfield>
  <controlfield tag="003">DLC</controlfield>
  <controlfield tag="005">20260227111736.0</controlfield>
  <controlfield tag="008">870817s1933    tu       b    000 0btur  </controlfield>
  <datafield tag="010" ind1=" " ind2=" ">
    <subfield code="a">ne 62001013 </subfield>
  </datafield>
  <datafield tag="035" ind1=" " ind2=" ">
    <subfield code="a">(OCoLC)16502439</subfield>
  </datafield>
  <datafield tag="040" ind1=" " ind2=" ">
    <subfield code="a">DLC</subfield>
    <subfield code="c">WaU</subfield>
    <subfield code="d">WaU</subfield>
    <subfield code="d">DLC</subfield>
  </datafield>
  <datafield tag="042" ind1=" " ind2=" ">
    <subfield code="a">premarc</subfield>
  </datafield>
  <datafield tag="050" ind1="0" ind2="0">
    <subfield code="a">PL248.B23</subfield>
    <subfield code="b">Z65</subfield>
  </datafield>
  <datafield tag="100" ind1="1" ind2=" ">
    <subfield code="a">Ergun, Sadettin N&#xFC;zhet.</subfield>
  </datafield>
  <datafield tag="245" ind1="1" ind2="0">
    <subfield code="a">&#x15E;eyhisl&#xE2;m Bahay&#xEE;,</subfield>
    <subfield code="b">hayat&#x131; ve eserleri.</subfield>
    <subfield code="c">[Yazan] Sadettin N&#xFC;zhet.</subfield>
  </datafield>
  <datafield tag="260" ind1=" " ind2=" ">
    <subfield code="a">[&#x130;stanbul]</subfield>
    <subfield code="b">Kanaat K&#xFC;t&#xFC;phanesi,</subfield>
    <subfield code="c">1933.</subfield>
  </datafield>
  <datafield tag="300" ind1=" " ind2=" ">
    <subfield code="a">xl, 91 p.</subfield>
    <subfield code="c">18 cm.</subfield>
  </datafield>
  <datafield tag="490" ind1="0" ind2=" ">
    <subfield code="a">Mill&#xEE; k&#xFC;t&#xFC;phane, edebiyat serisi,</subfield>
    <subfield code="v">17</subfield>
  </datafield>
  <datafield tag="504" ind1=" " ind2=" ">
    <subfield code="a">Bibliography: p. [xxxviii]-xl.</subfield>
  </datafield>
  <datafield tag="600" ind1="0" ind2="0">
    <subfield code="a">&#x15E;eyh&#xFC;lisl&#xE2;m Bah&#xE2;y&#xEE;,</subfield>
    <subfield code="d">1601-1654.</subfield>
  </datafield>
  <datafield tag="999" ind1=" " ind2=" ">
    <subfield code="c">45183</subfield>
    <subfield code="d">45183</subfield>
  </datafield>
</record>
